Chicken soup for the recovering soul : (Record no. 1101)

MARC details
000 -LEADER
fixed length control field 01344cam a22003374a 4500
005 - DATE AND TIME OF LATEST TRANSACTION
control field 20260322212047.0
008 - FIXED-LENGTH DATA ELEMENTS--GENERAL INFORMATION
fixed length control field data
010 ## - LIBRARY OF CONGRESS CONTROL NUMBER
LC control number 2004060553
020 ## - INTERNATIONAL STANDARD BOOK NUMBER
International Standard Book Number 0757302033
020 ## - INTERNATIONAL STANDARD BOOK NUMBER
International Standard Book Number 9780757302039
040 ## - CATALOGING SOURCE
Original cataloging agency DLC
Transcribing agency DLC
Modifying agency DLC
-- VET
-- OCLCQ
-- DLC
042 ## - AUTHENTICATION CODE
Authentication code pcc
050 00 - LIBRARY OF CONGRESS CALL NUMBER
Classification number HV5275
Item number .C39 2004
082 00 - DEWEY DECIMAL CLASSIFICATION NUMBER
Classification number B
-- B
Edition information 22
092 ## - LOCALLY ASSIGNED DEWEY CALL NUMBER (OCLC)
Classification number 616.86 C39 2004
001 - CONTROL NUMBER
control field data
245 10 - TITLE STATEMENT
Title Chicken soup for the recovering soul :
Remainder of title your personal, portable support group with stories of healing, hope, love, and resilience /
Statement of responsibility, etc. Jack Canfield.
260 ## - PUBLICATION, DISTRIBUTION, ETC.
Place of publication, distribution, etc. Deerfield Beach, Fla. :
Name of publisher, distributor, etc. Health Communications,
Date of publication, distribution, etc. c2004.
300 ## - PHYSICAL DESCRIPTION
Extent xxii, 360 p. :
Other physical details ill. ;
Dimensions 22 cm.
650 #0 - SUBJECT ADDED ENTRY--TOPICAL TERM
Topical term or geographic name entry element Recovering alcoholics
Form subdivision Biography.
650 #0 - SUBJECT ADDED ENTRY--TOPICAL TERM
Topical term or geographic name entry element Recovering addicts
Form subdivision Biography.
650 #0 - SUBJECT ADDED ENTRY--TOPICAL TERM
Topical term or geographic name entry element Compulsive behavior.
650 #0 - SUBJECT ADDED ENTRY--TOPICAL TERM
Topical term or geographic name entry element Recovery movement.
650 #2 - SUBJECT ADDED ENTRY--TOPICAL TERM
Topical term or geographic name entry element Alcoholism
General subdivision rehabilitation
Form subdivision Popular Works.
650 #2 - SUBJECT ADDED ENTRY--TOPICAL TERM
Topical term or geographic name entry element Social Support
Form subdivision Popular Works.
650 #2 - SUBJECT ADDED ENTRY--TOPICAL TERM
Topical term or geographic name entry element Substance-Related Disorders
General subdivision rehabilitation
Form subdivision Popular Works.
700 1# - ADDED ENTRY--PERSONAL NAME
Personal name Canfield, Jack,
Dates associated with a name 1944-
856 42 - ELECTRONIC LOCATION AND ACCESS
Materials specified Publisher description
Uniform Resource Identifier <a href="http://www.loc.gov/catdir/description/hci051/2004060553.html">http://www.loc.gov/catdir/description/hci051/2004060553.html</a>
856 41 - ELECTRONIC LOCATION AND ACCESS
Materials specified Sample text
Uniform Resource Identifier <a href="http://www.loc.gov/catdir/enhancements/fy0618/2004060553-s.html">http://www.loc.gov/catdir/enhancements/fy0618/2004060553-s.html</a>
856 42 - ELECTRONIC LOCATION AND ACCESS
Materials specified Contributor biographical information
Uniform Resource Identifier <a href="http://www.loc.gov/catdir/enhancements/fy0735/2004060553-b.html">http://www.loc.gov/catdir/enhancements/fy0735/2004060553-b.html</a>
Holdings
Withdrawn status Lost status Damaged status Not for loan Home library Current library Shelving location Date acquired Total checkouts Full call number Barcode Date last seen Price effective from Koha item type
        Franklin Franklin General stacks 22/03/2026   616.86/1/00922 B 22 BC0011136 22/03/2026 22/03/2026 Books